Hand Ball Quiz (Record no. 5492)
[ view plain ]
| 000 -LEADER | |
|---|---|
| fixed length control field | 00204nam a22000857a 4500 |
| 008 - FIXED-LENGTH DATA ELEMENTS--GENERAL INFORMATION | |
| fixed length control field | 170116b xxu||||| |||| 00| 0 eng d |
| 100 ## - MAIN ENTRY--PERSONAL NAME | |
| 9 (RLIN) | 2444 |
| Personal name | Behi.R. |
| 245 ## - TITLE STATEMENT | |
| Title | Hand Ball Quiz |
| 260 ## - PUBLICATION, DISTRIBUTION, ETC. (IMPRINT) | |
| Place of publication, distribution, etc. | New Delhi |
| Name of publisher, distributor, etc. | SET |
| Date of publication, distribution, etc. | 2009 |
| Withdrawn status | Lost status | Source of classification or shelving scheme | Damaged status | Koha normalized classification for sorting | Not for loan | Home library | Current library | Shelving location | Date acquired | Total Checkouts | Full call number | Barcode | Date last seen | Price effective from | Koha item type |
|---|---|---|---|---|---|---|---|---|---|---|---|---|---|---|---|
| Dewey Decimal Classification | 796_000000000000000 | Good Samaritan School Library | Good Samaritan School Library | Sports & Games | 01/16/2017 | 796 | BEH8906 | 01/16/2017 | 01/16/2017 | BOOK | |||||
| Dewey Decimal Classification | 796_000000000000000 | Good Samaritan School Library | Good Samaritan School Library | Sports & Games | 01/16/2017 | 796 | BEH8907 | 01/16/2017 | 01/16/2017 | BOOK |